Idősek kezemunkája
Elmentve itt :
| Dokumentumtípus: | Cikk |
|---|---|
| Megjelent: |
1984-12-12
|
| Sorozat: | Délmagyarország
74 No. 291 |
| Kulcsszavak: | bélyeggyűjtés, hobbi |
| Online Access: | http://dmarchiv.bibl.u-szeged.hu/115107 |
| LEADER | 00400nab a2200145 i 4500 | ||
|---|---|---|---|
| 001 | delm115107 | ||
| 005 | 20190902133204.0 | ||
| 008 | 190902s1984 hu o 0|| hun d | ||
| 040 | |a SZTE Délmagyarország Archívum |b hun | ||
| 041 | |a hun | ||
| 245 | 0 | 0 | |a Idősek kezemunkája |h [elektronikus dokumentum] |
| 260 | |c 1984-12-12 | ||
| 300 | |a 8 | ||
| 490 | 0 | |a Délmagyarország |v 74 No. 291 | |
| 695 | |a bélyeggyűjtés, hobbi | ||